Genetics of industrial microorganisms

Uloženo v:
Podrobná bibliografie
Hlavní autoři: Sebek, O. K (Autor), Laskin, Allen I (Autor)
Médium: Kniha
Jazyk:angličtina
Vydáno: Washington, D.C American Society for Microbiology 1979
Témata:
Tagy: Přidat tag
Žádné tagy, Buďte první, kdo vytvoří štítek k tomuto záznamu!

MARC

LEADER 00000nam a2200000 a 4500
001 UCU7205
003 CL-VaPUC
005 20240123151837.0
008 960628e19790000us 1 eng d
082 0 4 |a 660.65  |b SEB  |2 21 
100 1 |a Sebek, O. K  |e author  |9 617862 
700 |a Laskin, Allen I  |e author  |9 617863 
245 1 0 |a Genetics of industrial microorganisms 
260 |a Washington, D.C  |b American Society for Microbiology  |c 1979 
300 |a 283 p 
583 |a last modification  |c 19960628 00:00:00  |k Rodrigo Vera 
650 0 0 |a Tecnología química   |9 263002 
650 0 7 |a INDUSTRIA QUIMICA  |2 CL-VaPUC  |9 617864 
650 0 0 |a Genética  |9 259443 
650 0 0 |a Hongos  |9 261629 
650 0 0 |a Antibióticos  |9 263034 
650 0 0 |a Fermentación  |9 259565 
942 |c BK 
945 |a paguirre  |d 19960628 00:00:00 
546 |a En Inglés 
518 |p Symposium on Genetics of Industrial Microorganisms, 3, Wisconsin, 4 al 9 de Junio de 1978 
999 |c 382686  |d 382684 
952 |0 0  |1 0  |4 0  |6 660_650000000000000_SEB_1979  |7 0  |8 A  |9 504503  |a BIBING  |b BIBING  |d 2020-01-23  |i 1695983  |o 660.65 SEB 1979  |p 1695983  |r 2025-01-20  |w 2020-01-23  |y BK  |k EIB